000 00312nam a22001337a 4500
008 170327b xxu||||| |||| 00| 0 eng d
020 _a9781592574193
041 _aeng
080 _23 ED
_a615.83
100 _a8
101 _aSHM
245 _aIDIOTS GUIDE COMPLETE WHITE TRAINING
_cCANE.D.J
942 _2udc
_cBK
999 _c8709
_d8709